[Event "ODJM B 2025"]
[Site "Willingen GER"]
[Date "2025.06.12"]
[Round "7"]
[White "Schmidt, Jossip"]
[Black "Feichtner, David"]
[Result "0-1"]
[Termination "normal"]
[Board "14"]
[WhiteElo "1647"]
[BlackElo "1776"]
[WhiteClock "00:26:00"]
[BlackClock "00:53:36"]
[PlyCount "148"]
[WhiteFideId "34621148"]
[BlackFideId "533013381"]
[EventCountry "GER"]
[EventRounds "9"]
[EventType "swiss"]
[EventDate "2025.06.07"]

1. d4 {[%clk 01:30:58]} {[%emt 00:00:01]} Nf6 {[%clk 01:30:54]} {[%emt
00:00:06]} 2. c4 {[%clk 01:31:15]} {[%emt 00:00:12]} e6 {[%clk 01:31:21]}
{[%emt 00:00:04]} 3. Nc3 {[%clk 01:30:52]} {[%emt 00:00:53]} Bb4 {[%clk
01:31:46]} {[%emt 00:00:05]} 4. Nf3 {[%clk 01:28:50]} {[%emt 00:02:32]} b6
{[%clk 01:31:53]} {[%emt 00:00:23]} 5. e3 {[%clk 01:28:16]} {[%emt 00:01:03]}
Bb7 {[%clk 01:32:17]} {[%emt 00:00:06]} 6. Be2 {[%clk 01:27:42]} {[%emt
00:01:03]} O-O {[%clk 01:32:35]} {[%emt 00:00:13]} 7. O-O {[%clk 01:28:06]}
{[%emt 00:00:07]} Bxc3 {[%clk 01:32:52]} {[%emt 00:00:13]} 8. bxc3 {[%clk
01:28:21]} {[%emt 00:00:15]} d6 {[%clk 01:32:37]} {[%emt 00:00:45]} 9. a4
{[%clk 01:28:01]} {[%emt 00:00:51]} Nbd7 {[%clk 01:32:24]} {[%emt 00:00:42]}
10. a5 {[%clk 01:28:07]} {[%emt 00:00:24]} bxa5 {[%clk 01:31:02]} {[%emt
00:01:52]} 11. Rxa5 {[%clk 01:27:52]} {[%emt 00:00:46]} c5 {[%clk 01:31:07]}
{[%emt 00:00:24]} 12. Ra2 {[%clk 01:22:48]} {[%emt 00:05:34]} Ne4 {[%clk
01:30:58]} {[%emt 00:00:39]} 13. Qc2 {[%clk 01:16:14]} {[%emt 00:07:02]} Nb6
{[%clk 01:25:20]} {[%emt 00:06:10]} 14. Nd2 {[%clk 01:15:25]} {[%emt 00:01:18]}
f5 {[%clk 01:24:37]} {[%emt 00:01:15]} 15. f3 {[%clk 01:13:14]} {[%emt
00:02:40]} Nxd2 {[%clk 01:23:17]} {[%emt 00:01:50]} 16. Bxd2 {[%clk 01:12:32]}
{[%emt 00:01:11]} Qc7 {[%clk 01:18:16]} {[%emt 00:05:32]} 17. Rfa1 {[%clk
01:03:47]} {[%emt 00:09:13]} Bc6 {[%clk 01:13:44]} {[%emt 00:05:03]} 18. e4
{[%clk 00:58:33]} {[%emt 00:05:45]} fxe4 {[%clk 01:05:20]} {[%emt 00:08:54]}
19. fxe4 {[%clk 00:58:50]} {[%emt 00:00:13]} a5 {[%clk 01:04:48]} {[%emt
00:01:02]} 20. d5 {[%clk 00:51:22]} {[%emt 00:07:58]} Bd7 {[%clk 01:03:46]}
{[%emt 00:01:32]} 21. Rxa5 {[%clk 00:49:34]} {[%emt 00:02:18]} Rxa5 {[%clk
01:03:07]} {[%emt 00:01:09]} 22. Rxa5 {[%clk 00:50:01]} {[%emt 00:00:03]} Nxd5
{[%clk 01:00:13]} {[%emt 00:03:23]} 23. Qa2 {[%clk 00:43:06]} {[%emt 00:07:27]}
Nb6 {[%clk 00:58:31]} {[%emt 00:02:12]} 24. Ra7 {[%clk 00:41:07]} {[%emt
00:02:29]} Qc6 {[%clk 00:54:43]} {[%emt 00:04:16]} 25. Bf3 {[%clk 00:29:19]}
{[%emt 00:12:18]} e5 {[%clk 00:54:15]} {[%emt 00:00:59]} 26. h4 {[%clk
00:25:59]} {[%emt 00:03:49]} Be6 {[%clk 00:53:31]} {[%emt 00:01:14]} 27. Ra6
{[%clk 00:19:58]} {[%emt 00:06:31]} Rb8 {[%clk 00:49:33]} {[%emt 00:04:27]} 28.
Kh2 {[%clk 00:16:18]} {[%emt 00:04:11]} Qc8 {[%clk 00:48:18]} {[%emt 00:01:46]}
29. Be2 {[%clk 00:15:20]} {[%emt 00:01:27]} Bg4 {[%clk 00:41:41]} {[%emt
00:07:07]} 30. Bxg4 {[%clk 00:12:55]} {[%emt 00:02:55]} Qxg4 {[%clk 00:41:54]}
{[%emt 00:00:17]} 31. Rxb6 {[%clk 00:12:44]} {[%emt 00:00:41]} Qxh4+ {[%clk
00:40:05]} {[%emt 00:02:19]} 32. Kg1 {[%clk 00:13:05]} {[%emt 00:00:09]} Rf8
{[%clk 00:40:04]} {[%emt 00:00:31]} 33. Bg5 {[%clk 00:04:50]} {[%emt 00:08:46]}
Qxg5 {[%clk 00:36:59]} {[%emt 00:03:35]} 34. Qe2 {[%clk 00:03:58]} {[%emt
00:01:21]} Rf6 {[%clk 00:32:33]} {[%emt 00:04:57]} 35. Qe1 {[%clk 00:03:30]}
{[%emt 00:00:58]} Rg6 {[%clk 00:32:15]} {[%emt 00:00:47]} 36. Qf2 {[%clk
00:02:21]} {[%emt 00:01:38]} Qc1+ {[%clk 00:30:59]} {[%emt 00:01:47]} 37. Qf1
{[%clk 00:02:50]} {[%emt 00:00:01]} Qxf1+ {[%clk 00:29:42]} {[%emt 00:01:48]}
38. Kxf1 {[%clk 00:03:19]} {[%emt 00:00:02]} Rg4 {[%clk 00:29:35]} {[%emt
00:00:36]} 39. Rxd6 {[%clk 00:01:06]} {[%emt 00:02:43]} Rxe4 {[%clk 00:29:54]}
{[%emt 00:00:10]} 40. Rd8+ {[%clk 00:00:50]} {[%emt 00:00:47]} Kf7 {[%clk
00:28:34]} {[%emt 00:01:49]} 41. Rd7+ {[%clk 00:01:09]} {[%emt 00:00:12]} Kg6
{[%clk 00:28:44]} {[%emt 00:00:19]} 42. Rd6+ {[%clk 00:01:21]} {[%emt
00:00:18]} Kh5 {[%clk 00:28:24]} {[%emt 00:00:50]} 43. Rd5 {[%clk 00:01:38]}
{[%emt 00:00:14]} Rxc4 {[%clk 00:28:27]} {[%emt 00:00:27]} 44. Rxe5+ {[%clk
00:02:00]} {[%emt 00:00:08]} Kh6 {[%clk 00:28:44]} {[%emt 00:00:13]} 45. Re3
{[%clk 00:02:11]} {[%emt 00:00:19]} g6 {[%clk 00:28:53]} {[%emt 00:00:20]} 46.
Kf2 {[%clk 00:02:24]} {[%emt 00:00:18]} Rf4+ {[%clk 00:28:24]} {[%emt
00:00:58]} 47. Kg3 {[%clk 00:02:35]} {[%emt 00:00:20]} Kg5 {[%clk 00:28:25]}
{[%emt 00:00:29]} 48. Re5+ {[%clk 00:02:25]} {[%emt 00:00:40]} Rf5 {[%clk
00:28:39]} {[%emt 00:00:16]} 49. Re4 {[%clk 00:02:45]} {[%emt 00:00:10]} h5
{[%clk 00:28:54]} {[%emt 00:00:14]} 50. Rc4 {[%clk 00:01:53]} {[%emt 00:01:22]}
Kh6 {[%clk 00:28:25]} {[%emt 00:00:59]} 51. Re4 {[%clk 00:00:42]} {[%emt
00:01:40]} g5 {[%clk 00:26:57]} {[%emt 00:02:00]} 52. Re6+ {[%clk 00:00:47]}
{[%emt 00:00:25]} Kg7 {[%clk 00:27:17]} {[%emt 00:00:09]} 53. Kh3 {[%clk
00:30:08]} {[%emt 00:01:09]} Rd5 {[%clk 00:55:21]} {[%emt 00:02:27]} 54. Re3
{[%clk 00:28:10]} {[%emt 00:02:27]} c4 {[%clk 00:54:38]} {[%emt 00:01:13]} 55.
Re7+ {[%clk 00:25:25]} {[%emt 00:03:15]} Kf6 {[%clk 00:54:59]} {[%emt
00:00:09]} 56. Rh7 {[%clk 00:25:22]} {[%emt 00:00:33]} Kg6 {[%clk 00:55:08]}
{[%emt 00:00:22]} 57. Rc7 {[%clk 00:25:17]} {[%emt 00:00:35]} Rd3+ {[%clk
00:55:29]} {[%emt 00:00:09]} 58. g3 {[%clk 00:25:22]} {[%emt 00:00:24]} Rxc3
{[%clk 00:55:35]} {[%emt 00:00:25]} 59. Rc6+ {[%clk 00:25:44]} {[%emt
00:00:07]} Kf7 {[%clk 00:54:47]} {[%emt 00:01:19]} 60. Rc5 {[%clk 00:25:50]}
{[%emt 00:00:23]} h4 {[%clk 00:54:52]} {[%emt 00:00:26]} 61. Kh2 {[%clk
00:26:03]} {[%emt 00:00:17]} hxg3+ {[%clk 00:54:55]} {[%emt 00:00:26]} 62. Kg2
{[%clk 00:26:27]} {[%emt 00:00:06]} Rc1 {[%clk 00:54:39]} {[%emt 00:00:47]} 63.
Rxg5 {[%clk 00:26:08]} {[%emt 00:00:47]} Rc3 {[%clk 00:51:27]} {[%emt
00:03:44]} 64. Rc5 {[%clk 00:25:34]} {[%emt 00:01:04]} Ke6 {[%clk 00:51:28]}
{[%emt 00:00:29]} 65. Rc6+ {[%clk 00:25:37]} {[%emt 00:00:27]} Kd5 {[%clk
00:51:50]} {[%emt 00:00:08]} 66. Rc8 {[%clk 00:25:57]} {[%emt 00:00:10]} Kd4
{[%clk 00:52:02]} {[%emt 00:00:17]} 67. Rd8+ {[%clk 00:25:54]} {[%emt
00:00:34]} Kc5 {[%clk 00:52:21]} {[%emt 00:00:11]} 68. Rb8 {[%clk 00:25:48]}
{[%emt 00:00:36]} Rb3 {[%clk 00:52:30]} {[%emt 00:00:21]} 69. Rd8 {[%clk
00:25:16]} {[%emt 00:01:01]} c3 {[%clk 00:52:28]} {[%emt 00:00:33]} 70. Kxg3
{[%clk 00:25:33]} {[%emt 00:00:13]} c2+ {[%clk 00:52:31]} {[%emt 00:00:26]} 71.
Kf2 {[%clk 00:25:55]} {[%emt 00:00:08]} Rc3 {[%clk 00:52:34]} {[%emt 00:00:26]}
72. Rc8+ {[%clk 00:25:59]} {[%emt 00:00:27]} Kb4 {[%clk 00:52:49]} {[%emt
00:00:15]} 73. Rb8+ {[%clk 00:26:08]} {[%emt 00:00:22]} Ka3 {[%clk 00:53:12]}
{[%emt 00:00:07]} 74. Ra8+ {[%clk 00:26:00]} {[%emt 00:00:38]} Kb2 {[%clk
00:53:36]} {[%emt 00:00:06]} 0-1

[Event "ODJM B 2025"]
[Site "Willingen GER"]
[Date "2025.06.12"]
[Round "7"]
[White "John, Linnea"]
[Black "Jakob, Lucas"]
[Result "1-0"]
[Termination "normal"]
[Board "15"]
[WhiteElo "1631"]
[BlackElo "1687"]
[WhiteClock "01:17:10"]
[BlackClock "01:36:02"]
[PlyCount "61"]
[WhiteFideId "34623680"]
[BlackFideId "34687181"]
[EventCountry "GER"]
[EventRounds "9"]
[EventType "swiss"]
[EventDate "2025.06.07"]

1. e4 {[%clk 01:30:58]} {[%emt 00:00:02]} c5 {[%clk 01:30:57]} {[%emt
00:00:03]} 2. Nf3 {[%clk 01:31:24]} {[%emt 00:00:03]} d6 {[%clk 01:31:20]}
{[%emt 00:00:08]} 3. Bb5+ {[%clk 01:31:50]} {[%emt 00:00:04]} Bd7 {[%clk
01:31:42]} {[%emt 00:00:08]} 4. Bxd7+ {[%clk 01:32:15]} {[%emt 00:00:05]} Qxd7
{[%clk 01:32:06]} {[%emt 00:00:06]} 5. O-O {[%clk 01:32:32]} {[%emt 00:00:12]}
Nc6 {[%clk 01:32:34]} {[%emt 00:00:03]} 6. c3 {[%clk 01:32:51]} {[%emt
00:00:11]} Nf6 {[%clk 01:32:56]} {[%emt 00:00:07]} 7. Qe2 {[%clk 01:33:13]}
{[%emt 00:00:08]} e6 {[%clk 01:33:17]} {[%emt 00:00:09]} 8. d4 {[%clk
01:33:36]} {[%emt 00:00:07]} cxd4 {[%clk 01:33:40]} {[%emt 00:00:07]} 9. cxd4
{[%clk 01:34:01]} {[%emt 00:00:05]} d5 {[%clk 01:33:55]} {[%emt 00:00:15]} 10.
e5 {[%clk 01:33:21]} {[%emt 00:01:11]} Ne4 {[%clk 01:34:19]} {[%emt 00:00:06]}
11. Be3 {[%clk 01:33:14]} {[%emt 00:00:36]} Be7 {[%clk 01:34:13]} {[%emt
00:00:36]} 12. Ne1 {[%clk 01:32:28]} {[%emt 00:01:16]} O-O {[%clk 01:33:43]}
{[%emt 00:01:00]} 13. f3 {[%clk 01:31:42]} {[%emt 00:01:16]} Bg5 {[%clk
01:33:00]} {[%emt 00:01:11]} 14. fxe4 {[%clk 01:30:53]} {[%emt 00:01:21]} Bxe3+
{[%clk 01:33:06]} {[%emt 00:00:23]} 15. Qxe3 {[%clk 01:31:15]} {[%emt
00:00:09]} dxe4 {[%clk 01:33:30]} {[%emt 00:00:06]} 16. Qxe4 {[%clk 01:27:44]}
{[%emt 00:04:01]} Nxd4 {[%clk 01:33:46]} {[%emt 00:00:13]} 17. Nc3 {[%clk
01:26:58]} {[%emt 00:01:18]} Rac8 {[%clk 01:33:58]} {[%emt 00:00:18]} 18. Rd1
{[%clk 01:26:18]} {[%emt 00:01:10]} Rfd8 {[%clk 01:33:49]} {[%emt 00:00:38]}
19. Nc2 {[%clk 01:24:44]} {[%emt 00:02:04]} Rc4 {[%clk 01:33:51]} {[%emt
00:00:28]} 20. Qd3 {[%clk 01:16:02]} {[%emt 00:09:12]} b5 {[%clk 01:32:46]}
{[%emt 00:01:35]} 21. Nxd4 {[%clk 01:15:31]} {[%emt 00:01:02]} Rxd4 {[%clk
01:32:57]} {[%emt 00:00:17]} 22. Qxd4 {[%clk 01:15:14]} {[%emt 00:00:48]} Qxd4+
{[%clk 01:33:12]} {[%emt 00:00:14]} 23. Rxd4 {[%clk 01:15:41]} {[%emt
00:00:05]} Rxd4 {[%emt 00:01:13]} 24. Rd1 {[%clk 01:15:04]} Rxd1+ {[%clk
01:33:54]} {[%emt 00:00:12]} 25. Nxd1 {[%clk 01:15:30]} {[%emt 00:00:04]} Kf8
{[%clk 01:34:11]} {[%emt 00:00:12]} 26. Nc3 {[%clk 01:15:51]} {[%emt 00:00:09]}
a6 {[%clk 01:34:35]} {[%emt 00:00:07]} 27. Ne4 {[%clk 01:16:10]} {[%emt
00:00:11]} Ke7 {[%clk 01:34:57]} {[%emt 00:00:08]} 28. Nc5 {[%clk 01:15:58]}
{[%emt 00:00:42]} a5 {[%clk 01:35:19]} {[%emt 00:00:08]} 29. Nb3 {[%clk
01:16:19]} {[%emt 00:00:09]} a4 {[%clk 01:35:39]} {[%emt 00:00:09]} 30. Nd4
{[%clk 01:16:45]} {[%emt 00:00:05]} b4 {[%clk 01:36:02]} {[%emt 00:00:06]} 31.
Nc6+ {[%clk 01:17:10]} {[%emt 00:00:05]} 1-0

[Event "ODJM B 2025"]
[Site "Willingen GER"]
[Date "2025.06.12"]
[Round "7"]
[White "Fabritius, Wolf"]
[Black "Thoms, Eric"]
[Result "0-1"]
[Termination "normal"]
[Board "16"]
[WhiteElo "1551"]
[BlackElo "1716"]
[WhiteClock "01:26:55"]
[BlackClock "01:24:29"]
[PlyCount "32"]
[WhiteFideId "34632603"]
[BlackFideId "34623450"]
[EventCountry "GER"]
[EventRounds "9"]
[EventType "swiss"]
[EventDate "2025.06.07"]

1. d4 {[%clk 01:30:57]} {[%emt 00:00:03]} d5 {[%clk 01:30:53]} {[%emt
00:00:07]} 2. Nf3 {[%clk 01:31:22]} {[%emt 00:00:05]} Bf5 {[%clk 01:31:16]}
{[%emt 00:00:07]} 3. c4 {[%clk 01:31:41]} {[%emt 00:00:11]} e6 {[%clk
01:31:40]} {[%emt 00:00:06]} 4. Nc3 {[%clk 01:31:52]} {[%emt 00:00:19]} Nf6
{[%clk 01:32:03]} {[%emt 00:00:06]} 5. Bg5 {[%clk 01:31:53]} {[%emt 00:00:28]}
c6 {[%clk 01:31:17]} {[%emt 00:01:17]} 6. e3 {[%clk 01:31:20]} {[%emt
00:01:04]} Nbd7 {[%clk 01:30:10]} {[%emt 00:01:37]} 7. Bd3 {[%clk 01:28:59]}
{[%emt 00:02:51]} Bxd3 {[%clk 01:30:08]} {[%emt 00:00:31]} 8. Qxd3 {[%clk
01:29:22]} {[%emt 00:00:08]} Be7 {[%clk 01:29:18]} {[%emt 00:01:20]} 9. O-O
{[%clk 01:29:22]} {[%emt 00:00:30]} O-O {[%clk 01:29:40]} {[%emt 00:00:08]} 10.
cxd5 {[%clk 01:28:11]} {[%emt 00:01:41]} exd5 {[%clk 01:29:32]} {[%emt
00:00:38]} 11. a3 {[%clk 01:28:33]} {[%emt 00:00:07]} Ne4 {[%clk 01:28:20]}
{[%emt 00:01:41]} 12. Nxe4 {[%clk 01:27:51]} {[%emt 00:01:13]} dxe4 {[%clk
01:28:43]} {[%emt 00:00:08]} 13. Qxe4 {[%clk 01:27:03]} {[%emt 00:01:18]} Bxg5
{[%clk 01:29:05]} {[%emt 00:00:08]} 14. Qf5 {[%clk 01:26:49]} {[%emt 00:00:44]}
Be7 {[%clk 01:29:00]} {[%emt 00:00:35]} 15. Rfd1 {[%clk 01:27:06]} {[%emt
00:00:13]} Nb6 {[%clk 01:27:33]} {[%emt 00:01:57]} 16. a4 {[%clk 01:26:55]}
{[%emt 00:00:41]} Qc8 {[%clk 01:24:29]} {[%emt 00:03:34]} 0-1

[Event "ODJM B 2025"]
[Site "Willingen GER"]
[Date "2025.06.12"]
[Round "7"]
[White "Cilo, Seyyid"]
[Black "Ensslen, Jakob"]
[Result "1/2-1/2"]
[Termination "normal"]
[Board "17"]
[WhiteElo "1717"]
[BlackElo "1682"]
[WhiteClock "00:59:48"]
[BlackClock "00:00:38"]
[PlyCount "154"]
[WhiteFideId "34615938"]
[BlackFideId "34640258"]
[EventCountry "GER"]
[EventRounds "9"]
[EventType "swiss"]
[EventDate "2025.06.07"]

1. d4 {[%clk 01:30:47]} {[%emt 00:00:12]} d5 {[%clk 01:30:55]} {[%emt
00:00:05]} 2. Nf3 {[%clk 01:31:13]} {[%emt 00:00:04]} e6 {[%clk 01:31:19]}
{[%emt 00:00:06]} 3. Bf4 {[%clk 01:31:34]} {[%emt 00:00:09]} c5 {[%clk
01:31:40]} {[%emt 00:00:10]} 4. e3 {[%clk 01:31:51]} {[%emt 00:00:13]} Nc6
{[%clk 01:31:47]} {[%emt 00:00:23]} 5. c3 {[%clk 01:31:46]} {[%emt 00:00:35]}
Nf6 {[%clk 01:32:05]} {[%emt 00:00:11]} 6. Nbd2 {[%clk 01:32:00]} {[%emt
00:00:16]} Bd6 {[%clk 01:32:23]} {[%emt 00:00:12]} 7. h3 {[%clk 01:31:10]}
{[%emt 00:01:21]} Bxf4 {[%clk 01:32:02]} {[%emt 00:00:51]} 8. exf4 {[%clk
01:31:34]} {[%emt 00:00:06]} cxd4 {[%clk 01:27:13]} {[%emt 00:05:19]} 9. cxd4
{[%clk 01:31:47]} {[%emt 00:00:16]} Qb6 {[%clk 01:18:09]} {[%emt 00:09:35]} 10.
Qb3 {[%clk 01:20:39]} {[%emt 00:11:38]} Nxd4 {[%clk 01:08:15]} {[%emt
00:10:23]} 11. Nxd4 {[%clk 01:20:49]} {[%emt 00:00:20]} Qxd4 {[%clk 01:08:35]}
{[%emt 00:00:11]} 12. Bb5+ {[%clk 01:21:11]} {[%emt 00:00:08]} Bd7 {[%clk
01:00:18]} {[%emt 00:08:47]} 13. Nf3 {[%clk 01:15:14]} {[%emt 00:06:27]} Qe4+
{[%clk 00:54:01]} {[%emt 00:06:46]} 14. Kf1 {[%clk 01:12:28]} {[%emt 00:03:16]}
O-O {[%clk 00:50:26]} {[%emt 00:04:04]} 15. Bxd7 {[%clk 01:03:28]} {[%emt
00:09:31]} Nxd7 {[%clk 00:49:03]} {[%emt 00:01:52]} 16. Qxb7 {[%clk 01:03:28]}
{[%emt 00:00:30]} Nb6 {[%clk 00:45:08]} {[%emt 00:04:26]} 17. Qc7 {[%clk
01:01:06]} {[%emt 00:02:53]} Rfc8 {[%clk 00:36:48]} {[%emt 00:08:49]} 18. Qe5
{[%clk 00:59:51]} {[%emt 00:01:45]} Rc2 {[%clk 00:32:11]} {[%emt 00:05:07]} 19.
Qxe4 {[%emt 00:03:25]} dxe4 {[%clk 00:32:33]} 20. Ng5 {[%clk 00:55:35]} {[%emt
00:01:58]} Rd8 {[%clk 00:26:29]} {[%emt 00:06:34]} 21. g4 {[%clk 00:52:39]}
{[%emt 00:03:28]} Rd4 {[%clk 00:22:34]} {[%emt 00:04:24]} 22. Re1 {[%clk
00:49:11]} {[%emt 00:03:58]} Rxb2 {[%clk 00:20:36]} {[%emt 00:02:29]} 23. Nxe4
{[%clk 00:49:11]} {[%emt 00:00:30]} Rxa2 {[%clk 00:19:35]} {[%emt 00:01:30]}
24. Kg2 {[%clk 00:48:05]} {[%emt 00:01:35]} Nd5 {[%clk 00:16:18]} {[%emt
00:03:48]} 25. Kg3 {[%clk 00:46:43]} {[%emt 00:01:53]} Raa4 {[%clk 00:13:21]}
{[%emt 00:03:26]} 26. f3 {[%clk 00:44:32]} {[%emt 00:02:42]} Nf6 {[%clk
00:10:49]} {[%emt 00:03:02]} 27. Rc1 {[%clk 00:41:04]} {[%emt 00:03:57]} h6
{[%clk 00:10:49]} {[%emt 00:00:31]} 28. Nc3 {[%clk 00:40:45]} {[%emt 00:00:48]}
Rab4 {[%clk 00:07:21]} {[%emt 00:03:57]} 29. Ne2 {[%clk 00:39:33]} {[%emt
00:01:43]} Rd2 {[%clk 00:07:09]} {[%emt 00:00:42]} 30. Rc8+ {[%clk 00:38:59]}
{[%emt 00:01:04]} Kh7 {[%clk 00:07:32]} {[%emt 00:00:07]} 31. Nc3 {[%clk
00:38:08]} {[%emt 00:01:20]} Rc2 {[%clk 00:06:43]} {[%emt 00:01:20]} 32. Nd5
{[%clk 00:37:55]} {[%emt 00:00:43]} Rxc8 {[%clk 00:06:15]} {[%emt 00:00:58]}
33. Nxb4 {[%clk 00:38:19]} {[%emt 00:00:06]} a5 {[%clk 00:06:17]} {[%emt
00:00:29]} 34. Nd3 {[%clk 00:38:33]} {[%emt 00:00:15]} Ra8 {[%clk 00:04:39]}
{[%emt 00:02:08]} 35. Ra1 {[%clk 00:38:38]} {[%emt 00:00:26]} Nd5 {[%clk
00:04:30]} {[%emt 00:00:38]} 36. Nc5 {[%clk 00:38:28]} {[%emt 00:00:40]} Kg6
{[%clk 00:03:42]} {[%emt 00:01:18]} 37. h4 {[%clk 00:37:01]} {[%emt 00:01:57]}
Nc3 {[%emt 00:01:51]} 38. Ra3 {[%clk 00:36:45]} Ne2+ {[%clk 00:02:58]} {[%emt
00:00:39]} 39. Kf2 {[%clk 00:36:16]} {[%emt 00:00:59]} Nxf4 {[%clk 00:02:49]}
{[%emt 00:00:39]} 40. Ra4 {[%emt 00:02:21]} Nd5 {[%clk 00:01:42]} 41. h5+
{[%clk 00:35:19]} {[%emt 00:01:13]} Kf6 {[%clk 00:28:56]} {[%emt 00:03:17]} 42.
Nb3 {[%clk 01:05:13]} {[%emt 00:00:36]} g6 {[%clk 00:25:23]} {[%emt 00:04:03]}
43. hxg6 {[%clk 01:04:27]} {[%emt 00:01:15]} fxg6 {[%clk 00:24:06]} {[%emt
00:01:47]} 44. Rxa5 {[%clk 01:04:14]} {[%emt 00:00:43]} Rxa5 {[%clk 00:23:55]}
{[%emt 00:00:41]} 45. Nxa5 {[%clk 01:04:39]} {[%emt 00:00:05]} Kg5 {[%clk
00:16:08]} {[%emt 00:08:18]} 46. Kg3 {[%clk 01:03:35]} {[%emt 00:01:34]} h5
{[%clk 00:15:12]} {[%emt 00:01:25]} 47. gxh5 {[%clk 01:03:02]} {[%emt
00:01:03]} gxh5 {[%clk 00:15:06]} {[%emt 00:00:36]} 48. Nc6 {[%clk 01:02:42]}
{[%emt 00:00:50]} Nf4 {[%clk 00:10:49]} {[%emt 00:04:47]} 49. Ne5 {[%clk
01:02:18]} {[%emt 00:00:54]} Ng6 {[%clk 00:09:26]} {[%emt 00:01:53]} 50. Nf7+
{[%clk 01:02:18]} {[%emt 00:00:30]} Kf6 {[%clk 00:09:04]} {[%emt 00:00:52]} 51.
Nd6 {[%clk 01:02:12]} {[%emt 00:00:36]} e5 {[%clk 00:06:54]} {[%emt 00:02:40]}
52. Ne4+ {[%clk 01:00:08]} {[%emt 00:02:34]} Kf5 {[%clk 00:05:46]} {[%emt
00:01:38]} 53. Nd6+ {[%clk 01:00:32]} {[%emt 00:00:06]} Kf6 {[%clk 00:04:51]}
{[%emt 00:01:26]} 54. Ne4+ {[%clk 01:00:53]} {[%emt 00:00:09]} Kg7 {[%clk
00:04:48]} {[%emt 00:00:32]} 55. Nc5 {[%clk 00:59:34]} {[%emt 00:01:49]} Kh6
{[%clk 00:05:01]} {[%emt 00:00:17]} 56. Nd3 {[%clk 00:59:26]} {[%emt 00:00:39]}
Kg7 {[%clk 00:04:19]} {[%emt 00:01:11]} 57. Nc5 {[%clk 00:59:27]} {[%emt
00:00:28]} Kh7 {[%clk 00:04:25]} {[%emt 00:00:25]} 58. Ne4 {[%clk 00:59:17]}
{[%emt 00:00:40]} Kh6 {[%clk 00:04:40]} {[%emt 00:00:15]} 59. Nc5 {[%clk
00:59:20]} {[%emt 00:00:27]} Kg5 {[%clk 00:03:41]} {[%emt 00:01:28]} 60. Ne4+
{[%clk 00:59:41]} {[%emt 00:00:10]} Kf5 {[%clk 00:03:32]} {[%emt 00:00:38]} 61.
Nd6+ {[%clk 00:59:58]} {[%emt 00:00:14]} Kf6 {[%clk 00:03:15]} {[%emt
00:00:47]} 62. Ne4+ {[%clk 01:00:18]} {[%emt 00:00:10]} Ke6 {[%clk 00:03:15]}
{[%emt 00:00:30]} 63. Kh3 {[%clk 01:00:16]} {[%emt 00:00:32]} Kf5 {[%clk
00:02:58]} {[%emt 00:00:45]} 64. Kg3 {[%clk 00:58:26]} {[%emt 00:02:22]} h4+
{[%clk 00:02:46]} {[%emt 00:00:41]} 65. Kg2 {[%clk 00:57:59]} {[%emt 00:00:58]}
Kf4 {[%clk 00:02:32]} {[%emt 00:00:44]} 66. Nf2 {[%clk 00:58:08]} {[%emt
00:00:22]} Kf5 {[%clk 00:01:32]} {[%emt 00:01:29]} 67. Ng4 {[%clk 00:57:17]}
{[%emt 00:01:21]} Nf4+ {[%clk 00:01:27]} {[%emt 00:00:35]} 68. Kf2 {[%clk
00:57:28]} {[%emt 00:00:19]} Ne6 {[%clk 00:01:03]} {[%emt 00:00:53]} 69. Kg2
{[%clk 00:57:38]} {[%emt 00:00:20]} Ng5 {[%clk 00:01:18]} {[%emt 00:00:15]} 70.
Ne3+ {[%clk 00:57:51]} {[%emt 00:00:17]} Kg6 {[%clk 00:01:01]} {[%emt
00:00:47]} 71. Ng4 {[%clk 00:58:02]} {[%emt 00:00:20]} Kf5 {[%clk 00:01:05]}
{[%emt 00:00:26]} 72. Ne3+ {[%clk 00:58:26]} {[%emt 00:00:06]} Kf6 {[%clk
00:01:06]} {[%emt 00:00:27]} 73. Ng4+ {[%clk 00:58:34]} {[%emt 00:00:24]} Ke6
{[%clk 00:01:21]} {[%emt 00:00:14]} 74. Ne3 {[%clk 00:58:53]} {[%emt 00:00:12]}
h3+ {[%clk 00:01:00]} {[%emt 00:00:51]} 75. Kg3 {[%clk 00:59:11]} {[%emt
00:00:13]} Kf6 {[%clk 00:00:49]} {[%emt 00:00:40]} 76. Ng4+ {[%clk 00:59:27]}
{[%emt 00:00:14]} Kf5 {[%clk 00:00:46]} {[%emt 00:00:33]} 77. Nxe5 {[%clk
00:59:48]} {[%emt 00:00:10]} Kxe5 {[%clk 00:00:38]} {[%emt 00:00:37]} 1/2-1/2